1245 1367 1957 1338 1944 1385 1944 1330 1601 1669 1514 1104 1552 1691 1656 1146 1720 1014 1982 1387 1500 1038 1608 1836 1704 1485 1057 1970 1856 1126 1868 1412 1787 1265 1780 1694 1425 1724 1101 1241 1062 1023 1316 1730 1654 1683 1130 1110 1522 1687 1028 1582 1113 1487 1864 1019 1455 1046 1036 1942 1634 1212 1720 1682 1698 1544 1749 1179 1430 1075 1394 1220 1137 1619 1043 1864 1186 1441 1398 1147 1490 1822 1816 1100 1667 1540 1270 1909 1026 1581 1089 1748 1520 1181 1311 1013 1018 1039 1835 BCNSPRNW ULIB Ver.6.0+V

เปลี่ยนเป็นภาษาไทย

Change to English
 แสดงรายละเอียดบรรณานุกรม
  กลับหน้าหลัก

Brief Record : Get Marc (ISO 2709) : E-mail record : QR code < ปิดหน้าต่าง
LEADER : 00000nam 2200000uu 4500
001    13399120078
003     ULIB
008    100722s2551 th a 000 j tha d
020    ^a9789742589073
090    ^aรส^bด612ผ
100 0  ^aดีเจนภาพร
245 10 ^aผู้หญิงขี้เล่า /^cดีเจนภาพร
250    ^aพิมพ์ครั้งที่ 1
260    ^aกรุงเทพฯ :^bbook show,^c2551
300    ^a208 หน้า :^bภาพประกอบ ;^c21 ซม.
591    ^aLIRV มีพิมพ์ครั้งที่ 2 ปี 2551
650  4 ^aเรื่องสั้น^xรวมเรื่อง
945    ^p0^l0^i15836
995    ^aกัณชพร
999    ^aใช้งานได้ทุกระบบ
รายการนี้ยังไม่มีแท็ก
คุณยังไม่ได้ล็อกอิน คุณสามารถมีกิจกรรมร่วมกับเว็บไซต์ได้ แต่ต้องล็อกอินก่อน ::
  ล็อกอิน

รายการสื่อสารสนเทศ

ลำดับที่ ประเภท เลขเรียก/บาร์โค้ด สถานที่ สถานะ
1. นวนิยาย
นวนิยาย
รส ด612ผ  
  Barcode: 15836
ห้องสมุดวิทยาเขตสวรรค์ประชารักษ์
►นวนิยาย
บนชั้น
  ขอยืม

รายการใกล้เคียง
    ผู้แต่ง [ดีเจนภาพร]

    หัวเรื่อง [เรื่องสั้น รวมเรื่อง]

BibComment


ยังไม่เคยถูกคอมเมนท์

คอมเมนท์ทรัพยากรรายการนี้
  คอมเมนท์: ผู้หญิงขี้เล่า ..


 Copyright 2026. Bcnsprnw @Library